[Event "Women's Speed Chess Q5"]
[Site "chess.com INT"]
[Date "2020.06.22"]
[Round "9"]
[White "Zhao, Xue"]
[Black "Tomilova, Elena"]
[Result "0-1"]
[WhiteTitle "GM"]
[BlackTitle "WGM"]
[WhiteElo "2486"]
[BlackElo "2353"]
[WhiteFideId "8601283"]
[BlackFideId "4162340"]
[EventDate "2020.06.22"]

1. f3 e5 2. Nh3 Nc6 3. Nf2 d5 4. e3 g6 5. b3 Bg7 6. Bb2 Nge7 7. Be2 O-O 8. O-O
f5 9. d3 d4 10. e4 Bh6 11. Nd2 Be3 12. Kh1 f4 13. a4 g5 14. Nc4 Ng6 15. Ba3 Rf7
16. b4 h5 17. b5 Nb8 18. c3 dxc3 19. Qb3 Be6 20. Nd1 Bd4 21. Nf2 Nd7 22. Bb4 g4
23. fxg4 hxg4 24. Bxg4 Bxg4 25. Nxg4 Qg5 26. h3 Kg7 27. Bxc3 Qxg4 28. Bxd4 Rh8
29. Bg1 f3 30. Qc2 fxg2+ 31. Qxg2 Qxh3+ 32. Bh2 Qxd3 33. Rg1 Rf6 34. Nxe5 Nxe5
35. Rad1 Qf3 36. Rd5 Qxg2+ 37. Rxg2 Nf3 38. Rd7+ Rf7 39. Rxf7+ Kxf7 40. Rf2
Rxh2+ 41. Rxh2 Nxh2 42. Kxh2 Ke6 43. Kg3 Ke5 44. Kf3 Ne7 45. Ke3 Nc8 46. a5 Nd6
47. b6 cxb6 48. a6 bxa6 0-1

[Event "Women's Speed Chess Q5"]
[Site "chess.com INT"]
[Date "2020.06.22"]
[Round "9"]
[White "Kubicka, Anna"]
[Black "Maltsevskaya, Aleksandra"]
[Result "0-1"]
[WhiteTitle "WIM"]
[BlackTitle "WGM"]
[WhiteElo "2256"]
[BlackElo "2272"]
[WhiteFideId "1152254"]
[BlackFideId "24174041"]
[EventDate "2020.06.22"]

1. e4 c5 2. Ne2 e6 3. g3 Nc6 4. Bg2 Nge7 5. O-O g6 6. c3 Bg7 7. d4 cxd4 8. cxd4
d5 9. exd5 Nxd5 10. Nbc3 O-O 11. Nxd5 exd5 12. Be3 Bg4 13. h3 Bxe2 14. Qxe2 Bxd4
15. Bxd4 Nxd4 16. Qd3 Qb6 17. Rfd1 Nf5 18. Bxd5 Rad8 19. Qb3 Qf6 20. Qxb7 Rb8
21. Qxa7 Rxb2 22. Rab1 Rxb1 23. Rxb1 Nd4 24. Rb7 Kg7 25. Kg2 h5 26. h4 Nf5 27.
a4 Nd6 28. Rd7 Qe5 29. Bf3 Nf5 30. Qc7 Qb2 31. Qa7 Qf6 32. a5 g5 33. hxg5 Qxg5
34. Kf1 h4 35. gxh4 Nxh4 36. Ke1 Nxf3+ 37. Ke2 Ne5 38. Qe3 Qxe3+ 39. fxe3 Nxd7 0-1

[Event "Women's Speed Chess Q5"]
[Site "chess.com INT"]
[Date "2020.06.22"]
[Round "9"]
[White "Stefanova, Antoaneta"]
[Black "Mamedjarova, Turkan"]
[Result "1-0"]
[WhiteTitle "GM"]
[BlackTitle "WGM"]
[WhiteElo "2462"]
[BlackElo "2309"]
[WhiteFideId "2902257"]
[BlackFideId "13402005"]
[EventDate "2020.06.22"]

1. d4 d5 2. Nf3 Nf6 3. Bf4 e6 4. e3 Bd6 5. Bg3 b6 6. Nbd2 Bb7 7. Bd3 c5 8. c3
Nc6 9. O-O Qc7 10. Qe2 O-O 11. e4 Bxg3 12. hxg3 h6 13. e5 Nd7 14. a3 f5 15. exf6
Rxf6 16. Nh2 Qd6 17. Ng4 Rf7 18. Nf3 Nf8 19. Nfe5 Rc7 20. Qe3 Nxe5 21. Nxe5 Qe7
22. Rae1 Rac8 23. f4 cxd4 24. cxd4 b5 25. Bxb5 Rc2 26. Rf2 Qf6 27. Bd3 Rxf2 28.
Qxf2 Rb8 29. b4 Rc8 30. a4 Rc3 31. Qd2 Rc7 32. Rc1 Qe7 33. Rc5 Rc8 34. Qc3 Rb8
35. Rc7 Qd6 36. Qc5 Qd8 37. b5 Rc8 38. Rxc8 Bxc8 39. Qxa7 Nd7 40. Nxd7 Bxd7 41.
b6 Bc6 42. b7 Bxb7 43. Qxb7 Qa5 44. Qc8+ Kf7 45. Qc2 Qe1+ 46. Kh2 Qe3 47. a5 h5
48. a6 h4 49. gxh4 Qxf4+ 50. g3 Qxd4 51. Qc7+ Kf6 52. Qf4+ 1-0

[Event "Women's Speed Chess Q5"]
[Site "chess.com INT"]
[Date "2020.06.22"]
[Round "9"]
[White "Cholleti, Sahajasri"]
[Black "Kiolbasa, Oliwia"]
[Result "1-0"]
[WhiteTitle "WIM"]
[BlackTitle "WIM"]
[WhiteElo "2235"]
[BlackElo "2160"]
[WhiteFideId "5045118"]
[BlackFideId "1154613"]
[EventDate "2020.06.22"]

1. d4 d5 2. Bf4 Nf6 3. Nc3 e6 4. e3 Bb4 5. Bd3 O-O 6. Ne2 c5 7. dxc5 Nc6 8. Bd6
Re8 9. a3 Ba5 10. b4 Bc7 11. Bxc7 Qxc7 12. Nb5 Qe5 13. O-O Rd8 14. Ned4 Bd7 15.
Nxc6 Bxc6 16. Nd4 Ne4 17. f4 Qf6 18. Rf3 Be8 19. Rh3 a5 20. Rb1 h6 21. Bxe4 dxe4
22. Qg4 axb4 23. axb4 Rxd4 24. exd4 Qxd4+ 25. Kh1 Qxb4 26. Rf1 Qxc5 27. Rg3 g6
28. h4 h5 29. Qg5 Ra5 30. Qf6 Qxc2 31. Kh2 Rd5 32. f5 exf5 33. Rxf5 Rxf5 34.
Qxf5 Qc6 35. Qxh5 b5 36. Qe5 b4 37. h5 b3 38. hxg6 fxg6 39. Rh3 b2 40. Rh8+ Kf7
41. Rh7+ Kg8 42. Qg7# 1-0

[Event "Women's Speed Chess Q5"]
[Site "chess.com INT"]
[Date "2020.06.22"]
[Round "9"]
[White "Ilyuchyk, Yana"]
[Black "Kiseleva, Arina"]
[Result "1-0"]
[WhiteTitle "WFM"]
[BlackTitle "WCM"]
[WhiteElo "2119"]
[BlackElo "2024"]
[WhiteFideId "13508407"]
[BlackFideId "4164989"]
[EventDate "2020.06.22"]

1. e4 c5 2. Nf3 d6 3. d4 cxd4 4. Nxd4 Nf6 5. Nc3 Nc6 6. Nb3 e5 7. Be2 Be7 8. O-O
O-O 9. a4 a5 10. f4 Qb6+ 11. Kh1 Nb4 12. f5 Rd8 13. Nd5 Nfxd5 14. exd5 Bf6 15.
c3 Na6 16. Nd2 Nc5 17. Nc4 Qb3 18. Be3 Qxd1 19. Bxd1 Nd3 20. Bc2 e4 21. Rad1 Bd7
22. Nb6 Ra6 23. Nxd7 Rxd7 24. Bxd3 exd3 25. Rxd3 h6 26. g4 Ra8 27. Kg2 Re8 28.
Kf3 Re5 29. Bf4 Re8 30. Re3 Rxe3+ 31. Bxe3 Be5 32. h3 Rc7 33. Bb6 Rc4 34. Bxa5
Rf4+ 35. Kg2 Rxa4 36. Bb4 Ra2 37. Rf2 f6 38. Re2 Kf7 39. Kf3 Ke7 40. b3 Ra1 41.
c4 Kd7 42. Re3 Rb1 43. Ke4 Bb2 44. c5 1-0

[Event "Women's Speed Chess Q5"]
[Site "chess.com INT"]
[Date "2020.06.22"]
[Round "9"]
[White "Bogumil, Tatiana"]
[Black "Vargas, Gabriela"]
[Result "1-0"]
[WhiteTitle "WGM"]
[BlackTitle "WIM"]
[WhiteElo "2182"]
[BlackElo "2170"]
[WhiteFideId "4110579"]
[BlackFideId "3700860"]
[EventDate "2020.06.22"]

1. Nf3 d5 2. c4 e6 3. b3 Nf6 4. Bb2 Be7 5. g3 O-O 6. Bg2 a5 7. Nc3 Nbd7 8. O-O
c6 9. d4 b6 10. Qc2 Bb7 11. e4 dxe4 12. Nxe4 Nxe4 13. Qxe4 Nf6 14. Qe2 c5 15.
Rad1 Qc7 16. dxc5 bxc5 17. Ne5 Bxg2 18. Kxg2 a4 19. Qf3 axb3 20. axb3 Ra2 21.
Bc3 Ra3 22. Bb2 Ra2 23. Bc3 Rb8 24. Rb1 Qb7 25. Nc6 Rba8 26. Nxe7+ Qxe7 27. b4
cxb4 28. Bxb4 Qa7 29. Bd6 h5 30. h3 Rc8 31. c5 Nd5 32. Rfe1 Qa3 33. Qxa3 Rxa3
34. Rb2 Rc3 35. Ree2 g6 36. h4 Kg7 37. Rb7 Kf6 38. Be5+ Kf5 39. Bxc3 Nxc3 40.
Rc2 Ne4 41. c6 f6 42. c7 1-0

[Event "Women's Speed Chess Q5"]
[Site "chess.com INT"]
[Date "2020.06.22"]
[Round "9"]
[White "Balabayeva, Xeniya"]
[Black "Matveeva, Olga"]
[Result "1-0"]
[WhiteTitle "WFM"]
[BlackTitle "WIM"]
[WhiteElo "2146"]
[BlackElo "2171"]
[WhiteFideId "13719688"]
[BlackFideId "24107018"]
[EventDate "2020.06.22"]

1. e4 e6 2. d4 d5 3. Nd2 c5 4. exd5 Qxd5 5. Ngf3 cxd4 6. Bc4 Qd6 7. O-O Nf6 8.
Nb3 Nc6 9. Nbxd4 Nxd4 10. Nxd4 a6 11. c3 Qc7 12. Bb3 Bd6 13. h3 O-O 14. Qf3 Nd7
15. Re1 Ne5 16. Qe2 Bd7 17. Bf4 Nf3+ 18. Qxf3 Bxf4 19. Rad1 Rad8 20. Bc2 e5 21.
Nf5 Bxf5 22. Bxf5 Rxd1 23. Rxd1 Rd8 24. Rxd8+ Qxd8 25. g3 Bh6 26. Qxb7 g6 27.
Qc8 Qxc8 28. Bxc8 a5 29. b4 axb4 30. cxb4 Bd2 31. a3 Kf8 32. Kf1 Ke7 33. Ke2 Bc3
34. Kd3 Bd4 35. f3 Kd6 36. Kc4 f5 37. Bb7 Bf2 38. g4 h5 39. gxh5 gxh5 40. a4 Kc7
41. Bd5 Kd6 42. Bf7 h4 43. Bd5 Bg1 44. a5 Kc7 45. Kb5 Bd4 46. Ka6 Kb8 47. b5 Bc5
48. b6 Bd4 49. Kb5 e4 50. a6 1-0

[Event "Women's Speed Chess Q5"]
[Site "chess.com INT"]
[Date "2020.06.22"]
[Round "9"]
[White "Peycheva, Gergana"]
[Black "Huda, Maryana"]
[Result "1/2-1/2"]
[WhiteTitle "FM"]
[BlackTitle "WGM"]
[WhiteElo "2255"]
[BlackElo "2128"]
[WhiteFideId "2916711"]
[BlackFideId "14116553"]
[EventDate "2020.06.22"]

1. d4 d5 2. c4 c6 3. e3 Nf6 4. Nc3 e6 5. Nf3 Nbd7 6. Bd3 dxc4 7. Bxc4 b5 8. Bd3
Bb7 9. O-O a6 10. a4 Bd6 11. Qe2 O-O 12. Rd1 Qe7 13. b3 e5 14. Bc2 exd4 15. Nxd4
g6 16. Bb2 c5 17. Nf3 b4 18. Nb1 Ne5 19. Nbd2 Rfd8 20. Rac1 a5 21. Nxe5 Bxe5 22.
Bxe5 Qxe5 23. Nc4 Qg5 24. f3 Ba6 25. Bd3 Nd5 26. f4 Qe7 27. Qf3 Bxc4 28. Bxc4
Qxe3+ 29. Qxe3 Nxe3 30. Rxd8+ Rxd8 31. Bb5 Rd1+ 32. Rxd1 Nxd1 33. Kf1 Nc3 34.
Kf2 Kf8 35. Ke3 Ke7 36. Kd3 Kd6 37. Bc4 f6 38. h4 h6 39. Bf7 g5 40. hxg5 hxg5
41. fxg5 fxg5 42. Kc4 Kc6 43. g4 Kd6 44. Bg6 Kc6 45. Bf5 Kd6 46. Bg6 Kc6 47. Bf5
Kd6 48. Bg6 1/2-1/2

[Event "Women's Speed Chess Q5"]
[Site "chess.com INT"]
[Date "2020.06.22"]
[Round "9"]
[White "Injac, Teodora"]
[Black "Arakhamia-Grant, Ketevan"]
[Result "0-1"]
[WhiteTitle "WIM"]
[BlackTitle "GM"]
[WhiteElo "2286"]
[BlackElo "2380"]
[WhiteFideId "932400"]
[BlackFideId "13600168"]
[EventDate "2020.06.22"]

1. d4 Nf6 2. Nf3 g6 3. Nbd2 d5 4. e3 Bg7 5. b4 O-O 6. Bb2 c6 7. a4 Ne4 8. Nxe4
dxe4 9. Nd2 f5 10. h4 h5 11. Bc4+ Kh7 12. g4 hxg4 13. h5 g5 14. h6 Bh8 15. Qb1
Nd7 16. Qa2 Nf6 17. Nb3 Nd5 18. Nc5 b6 19. Nb3 Nxb4 20. Qb1 a5 21. c3 Nd5 22.
Qc2 Ba6 23. Bxa6 Rxa6 24. Qe2 Ra7 25. Kd2 e5 26. Kc2 Rd7 27. Rh5 exd4 28. exd4
Nf4 29. Qe3 Nxh5 30. Rh1 Nf4 31. c4 Nd3 32. Bc3 Nf4 33. Bb2 Qe7 34. Bc3 Qf7 35.
Nd2 Rfd8 36. d5 cxd5 37. Bxh8 Kxh8 38. Qd4+ Kh7 39. c5 bxc5 40. Qe5 d4 41. Nb3
Qc4+ 42. Kb2 Qd5 43. Ka3 Qxe5 44. Rc1 c4 45. Rxc4 Qd6+ 46. Rc5 d3 47. f3 Ne6 48.
fxg4 Nxc5 49. gxf5 Nxb3+ 50. Kxb3 Rb8+ 51. Ka2 Qb4 52. Ka1 Qxa4# 0-1

[Event "Women's Speed Chess Q5"]
[Site "chess.com INT"]
[Date "2020.06.22"]
[Round "9"]
[White "Pham, Bich Ngoc"]
[Black "Smirnova, Ekaterina"]
[Result "1/2-1/2"]
[WhiteTitle "WIM"]
[BlackTitle "WIM"]
[WhiteElo "2235"]
[BlackElo "2278"]
[WhiteFideId "12401285"]
[BlackFideId "4110943"]
[EventDate "2020.06.22"]

1. g3 d5 2. Bg2 c6 3. f4 Nf6 4. Nf3 Bg4 5. O-O Nbd7 6. d3 Bxf3 7. Bxf3 e5 8. f5
Bc5+ 9. e3 O-O 10. Nc3 a5 11. Kh1 b5 12. a4 b4 13. Ne2 e4 14. Bg2 exd3 15. cxd3
Re8 16. Nd4 Qb6 17. Rf4 Re7 18. b3 Rae8 19. Bd2 Rxe3 20. Bxe3 Rxe3 21. Nc2 Re8
22. Qd2 Bd6 23. Rff1 Ng4 24. d4 Qc7 25. Rae1 Rxe1 26. Qxe1 Ndf6 27. Ne3 h6 28.
Nxg4 Nxg4 29. Qe8+ Kh7 30. Bf3 Nf6 31. Qe2 Qd7 32. Rc1 Bc7 33. Qc2 Bb8 34. Bg2
Ba7 35. Qxc6 Qxf5 36. Qc2 Qxc2 37. Rxc2 Bxd4 38. Rd2 Bc3 39. Rd3 d4 40. Bc6 Ng4
41. Kg2 Ne5 42. Be4+ f5 43. Bxf5+ g6 44. Be4 Nxd3 45. Bxd3 Kg7 46. Kf3 Kf6 47.
Ke4 g5 48. Kd5 g4 49. Kc5 Bd2 50. Kxd4 Be1 51. Ke3 Bc3 52. Kf2 Bd4+ 53. Kg2 Kg5
54. h3 gxh3+ 55. Kxh3 Bb6 56. Bc4 Bd8 57. Bd5 Bc7 1/2-1/2

[Event "Women's Speed Chess Q5"]
[Site "chess.com INT"]
[Date "2020.06.22"]
[Round "9"]
[White "Kostrikina, Anna"]
[Black "Hng, Mei-En Emmanuelle"]
[Result "1-0"]
[WhiteTitle "WFM"]
[BlackTitle "WFM"]
[WhiteElo "2161"]
[BlackElo "2029"]
[WhiteFideId "4176219"]
[BlackFideId "5804566"]
[EventDate "2020.06.22"]

1. e4 g6 2. d4 c5 3. Nf3 Bg7 4. Nc3 cxd4 5. Nxd4 Nc6 6. Be3 Nf6 7. Bc4 O-O 8. f3
d6 9. Qd2 Bd7 10. O-O-O a6 11. h4 b5 12. Bb3 h5 13. Nxc6 Bxc6 14. g4 a5 15. gxh5
Nxh5 16. Rdg1 a4 17. Bd5 Bxd5 18. Nxd5 a3 19. b3 e6 20. Bg5 f6 21. Bh6 Kh7 22.
Bxg7 Kxg7 23. Nf4 Nxf4 24. Qxf4 Rc8 25. Qg3 Qe8 26. h5 g5 27. f4 Qc6 28. Rh2 Qc3
29. Qxc3 Rxc3 30. fxg5 fxg5 31. Rxg5+ Kf6 32. Rxb5 Rg8 33. Kd2 Rgc8 34. Kd1 Re3
35. h6 Rxe4 36. h7 Rh8 37. Rb7 Rg4 38. Kd2 Ke5 39. c4 d5 40. cxd5 exd5 41. Ra7
Kd4 42. Ra4+ Kc5 43. Rxg4 Rf8 44. Rg8 Rf4 45. h8=Q Rd4+ 46. Kc2 Re4 47. Rc8+ Kb6
48. Qd8+ 1-0

[Event "Women's Speed Chess Q5"]
[Site "chess.com INT"]
[Date "2020.06.22"]
[Round "9"]
[White "Mrudul, Dehankar"]
[Black "Khomeriki, Nino"]
[Result "0-1"]
[WhiteTitle "WIM"]
[BlackTitle "WGM"]
[WhiteElo "2256"]
[BlackElo "2319"]
[WhiteFideId "25096990"]
[BlackFideId "13603191"]
[EventDate "2020.06.22"]

1. e4 e5 2. Nf3 Nc6 3. Bb5 a6 4. Ba4 Nf6 5. O-O Be7 6. Re1 b5 7. Bb3 d6 8. h3
O-O 9. c3 Bb7 10. d4 Re8 11. Nbd2 Bf8 12. Nf1 exd4 13. Ng5 Re7 14. Ng3 h6 15.
Nf3 dxc3 16. bxc3 Na5 17. Bc2 g6 18. Nd4 Bg7 19. Qf3 Nc4 20. Bxh6 Bxh6 21. Qxf6
Bg7 22. Qf3 c5 23. Nde2 Qd7 24. Rad1 Rae8 25. Nf4 Ne5 26. Qe2 Bh6 27. Nd5 Bxd5
28. Rxd5 Re6 29. Red1 Qe7 30. Qf1 Bg7 31. f4 Nc4 32. f5 Rf6 33. a4 Ne3 34. Qf4
Nxc2 35. Rxd6 Rxd6 36. Qxd6 Qxd6 37. Rxd6 b4 38. cxb4 cxb4 39. f6 Bf8 40. Rxa6
b3 41. Rb6 Bc5+ 0-1

[Event "Women's Speed Chess Q5"]
[Site "chess.com INT"]
[Date "2020.06.22"]
[Round "9"]
[White "Petrova, Irina"]
[Black "Zvereva, Margarita"]
[Result "0-1"]
[WhiteTitle "WIM"]
[BlackTitle "WFM"]
[WhiteElo "2087"]
[BlackElo "1929"]
[WhiteFideId "14124122"]
[BlackFideId "34177741"]
[EventDate "2020.06.22"]

1. d4 d5 2. c4 e6 3. Nc3 Nf6 4. Bg5 Be7 5. e3 O-O 6. Nf3 Nbd7 7. Qc2 h6 8. Bh4
a6 9. cxd5 exd5 10. Bd3 c5 11. O-O c4 12. Be2 b5 13. Ne5 Bb7 14. a3 Nxe5 15.
dxe5 Ne4 16. Bg3 Nxg3 17. hxg3 d4 18. exd4 Qxd4 19. Rfe1 Bc5 20. Bf3 Bxf3 21.
gxf3 Qd7 22. Kg2 Rfe8 23. Rad1 Qc6 24. Qf5 Qe6 25. Qf4 Rad8 26. Rxd8 Rxd8 27.
Ne4 Bb6 28. Nd6 Rxd6 29. exd6 Qxe1 30. d7 Qxf2+ 31. Kh3 Qf1+ 32. Kg4 Qd3 33.
Qb8+ Kh7 34. Qxb6 Qxd7+ 35. Kh4 Qe7+ 36. Kh3 Qe6+ 37. Qxe6 fxe6 38. Kg4 Kg6 39.
Kf4 Kf6 40. Ke4 g5 41. g4 Kg6 42. Ke5 h5 43. gxh5+ Kxh5 44. Kxe6 Kh4 45. Kf5 a5
46. Ke4 Kg3 47. Ke3 b4 48. axb4 axb4 49. Kd4 c3 50. bxc3 bxc3 51. Kxc3 Kxf3 0-1

[Event "Women's Speed Chess Q5"]
[Site "chess.com INT"]
[Date "2020.06.22"]
[Round "9"]
[White "Osmak, Iulija"]
[Black "Bulmaga, Irina"]
[Result "0-1"]
[WhiteTitle "IM"]
[BlackTitle "IM"]
[WhiteElo "2438"]
[BlackElo "2440"]
[WhiteFideId "14101602"]
[BlackFideId "13903063"]
[EventDate "2020.06.22"]

1. d4 Nf6 2. Bf4 e6 3. e3 d6 4. Nf3 b6 5. h3 Bb7 6. Bd3 g6 7. O-O Bg7 8. Qe2 O-O
9. e4 Nc6 10. c3 Re8 11. Bh2 e5 12. d5 Nb8 13. c4 a5 14. Nc3 Na6 15. b3 Nc5 16.
Bc2 Bc8 17. a3 Bd7 18. Nd2 Nh5 19. b4 Nb7 20. Qe3 Nf4 21. Ne2 g5 22. Ng3 Qc8 23.
Nf5 h6 24. Rab1 axb4 25. axb4 Ra2 26. Bb3 Ra3 27. Kh1 Bxf5 28. exf5 Qxf5 29. Ne4
Qd7 30. h4 f5 31. Nd2 Bf6 32. hxg5 hxg5 33. g3 Ng6 34. Qe2 Kg7 35. Kg2 e4 36.
Rh1 Rh8 37. Bg1 Raa8 38. Rxh8 Rxh8 39. Kf1 Ne5 40. Bc2 Nd8 41. Ke1 Rh1 42. Qf1
Ndf7 43. Qg2 Rh8 44. Ke2 Nd3 45. Bxd3 exd3+ 46. Kxd3 Ne5+ 47. Kc2 Qa4+ 48. Rb3
Qa2+ 49. Rb2 Qa1 50. f4 Ng4 51. Rb1 Qa2+ 52. Kc1 Re8 0-1

[Event "Women's Speed Chess Q5"]
[Site "chess.com INT"]
[Date "2020.06.22"]
[Round "9"]
[White "Shafigullina, Zarina"]
[Black "Berdychevskaya, Natasha"]
[Result "1-0"]
[WhiteTitle "WFM"]
[BlackTitle "WFM"]
[WhiteElo "2296"]
[BlackElo "2208"]
[WhiteFideId "24174220"]
[BlackFideId "4159322"]
[EventDate "2020.06.22"]

1. d4 d5 2. Nf3 c5 3. g3 Nf6 4. Bg2 g6 5. O-O Ne4 6. c4 Bg7 7. cxd5 cxd4 8. Nxd4
Qxd5 9. Nb3 Qxd1 10. Rxd1 Nd6 11. Nc3 O-O 12. Nd5 Nc6 13. Nxe7+ Nxe7 14. Rxd6
Nf5 15. Rd1 Re8 16. e4 Ne7 17. Rb1 Nc6 18. Be3 Bg4 19. Rd2 Rad8 20. h3 Rxd2 21.
Bxd2 Be6 22. Bc3 Bxb3 23. axb3 Nd4 24. e5 b6 25. f4 Nxb3 26. Kf2 Rd8 27. Ke3 Bf8
28. Bf3 Bc5+ 29. Ke2 Bd4 30. Rd1 Kg7 31. Be4 b5 32. Bc2 Bxc3 33. Rxd8 Nd4+ 34.
Kd3 Bxb2 35. Rd7 Nf3 36. e6 Ne1+ 37. Kd2 Nxc2 38. Kxc2 Bf6 39. Rxf7+ Kh6 40.
Rxf6 a5 41. Rf7 g5 42. e7 Kg6 43. e8=Q 1-0

[Event "Women's Speed Chess Q5"]
[Site "chess.com INT"]
[Date "2020.06.22"]
[Round "9"]
[White "Charochkina, Daria"]
[Black "Abrahamyan, Tatev"]
[Result "1-0"]
[WhiteTitle "IM"]
[BlackTitle "WGM"]
[WhiteElo "2356"]
[BlackElo "2358"]
[WhiteFideId "4180917"]
[BlackFideId "13301918"]
[EventDate "2020.06.22"]

1. c4 Nf6 2. Nc3 e6 3. e4 d5 4. e5 d4 5. exf6 dxc3 6. bxc3 Qxf6 7. d4 b6 8. Nf3
Bb7 9. Bd3 Nd7 10. Bg5 Bxf3 11. Qd2 Bxg2 12. Bxf6 Bxh1 13. Bh4 Bd6 14. O-O-O Bf3
15. Rg1 g6 16. Qe3 Bb7 17. d5 Nc5 18. Bc2 Kd7 19. dxe6+ fxe6 20. Rd1 Rhf8 21.
Bg3 Rad8 22. Qh6 Rf7 23. h4 Kc8 24. Bxd6 Rxd6 25. Rxd6 cxd6 26. h5 Rxf2 27. hxg6
hxg6 28. Qxg6 Bc6 29. Qg3 Rf1+ 30. Kb2 Kc7 31. Qg7+ Bd7 32. Bg6 Rf2+ 33. Ka3 Rf3
34. Be8 Kc6 35. Bxd7+ Nxd7 36. Qg2 Ne5 37. Kb3 Kc5 38. Qg1+ Kc6 39. Qg8 Kd7 40.
Qa8 Rf4 41. Qxa7+ Ke8 42. Qxb6 Nxc4 43. Qb8+ Kd7 44. Qb7+ Kd8 45. Qb8+ Kd7 46.
Qa7+ Kd8 47. Qh7 Na5+ 48. Kb2 Nc4+ 49. Kc2 Rf2+ 50. Kb3 Na5+ 51. Ka4 Rxa2+ 52.
Kb5 Nb3 53. Qg8+ Kd7 54. Qf7+ Kd8 55. Qxe6 Ra5+ 56. Kb4 Nc5 57. Qxd6+ Kc8 58.
Qc6+ Kb8 59. Kxa5 1-0

[Event "Women's Speed Chess Q5"]
[Site "chess.com INT"]
[Date "2020.06.22"]
[Round "9"]
[White "Zavivaeva, Evelina"]
[Black "Zavivaeva, Emilia"]
[Result "0-1"]
[WhiteTitle "WCM"]
[BlackTitle "WCM"]
[WhiteElo "1619"]
[BlackElo "1735"]
[WhiteFideId "44127839"]
[BlackFideId "34127531"]
[EventDate "2020.06.22"]

1. e4 c5 2. c3 e6 3. d4 d5 4. exd5 exd5 5. dxc5 Bxc5 6. Nf3 Nf6 7. Bb5+ Nc6 8.
O-O O-O 9. Bxc6 bxc6 10. Ne5 Qb6 11. b4 Bd6 12. Be3 Qc7 13. Nf3 Bg4 14. Nbd2
Bxh2+ 15. Kh1 Bf4 16. Qc2 Bxe3 17. fxe3 Qg3 18. Kg1 Rae8 19. Rae1 Ne4 20. Nxe4
Rxe4 21. Nd4 Rxe3 22. Rxe3 Qxe3+ 23. Kh1 g6 24. Nxc6 Bf5 25. Qf2 Qxc3 26. Nd4
Bd3 27. Rd1 Be4 28. Nf3 Bxf3 29. Qxf3 Qxf3 30. gxf3 Rb8 31. Kg2 Rxb4 32. Rxd5
Rb2+ 33. Kg3 Rxa2 34. Rd8+ Kg7 35. Ra8 a5 36. Kg4 h5+ 37. Kf4 a4 38. Kg3 a3 39.
Kf4 Ra1 40. Kg3 Rg1+ 41. Kf4 Ra1 42. Kg3 a2 43. Kf4 Kh7 44. Ra7 Kg7 45. Ra4 h4
46. Ra3 h3 47. Kg3 Rg1+ 48. Kxh3 a1=Q 49. Rxa1 Rxa1 0-1

[Event "Women's Speed Chess Q5"]
[Site "chess.com INT"]
[Date "2020.06.22"]
[Round "9"]
[White "Vantika, Agrawal"]
[Black "Khotenashvili, Bela"]
[Result "1/2-1/2"]
[WhiteTitle "WIM"]
[BlackTitle "GM"]
[WhiteElo "2286"]
[BlackElo "2458"]
[WhiteFideId "25050389"]
[BlackFideId "13602640"]
[EventDate "2020.06.22"]

1. d4 Nf6 2. c4 g6 3. g3 c5 4. d5 d6 5. Nc3 Bg7 6. Bg2 O-O 7. Nf3 e6 8. O-O exd5
9. cxd5 Re8 10. Re1 Ne4 11. Nxe4 Rxe4 12. Qc2 Rb4 13. a3 Rb5 14. e4 Nd7 15. Bf1
Rb6 16. Nd2 Ne5 17. f4 Ng4 18. Nc4 Bd4+ 19. Kg2 Ra6 20. h3 Nf6 21. Be3 Bxe3 22.
Nxe3 b5 23. Bxb5 Rb6 24. Bc4 Rab8 25. b3 Qd7 26. g4 h5 27. e5 Nh7 28. e6 Qe7 29.
exf7+ Qxf7 30. Rf1 Bd7 31. f5 g5 32. Rae1 Nf6 33. Qc3 Re8 34. Qd3 Rbb8 35. Nc2
h4 36. Qf3 Qg7 37. Rxe8+ Rxe8 38. Re1 Rxe1 39. Nxe1 Ne8 40. Qe2 Qc3 41. Nf3 Qc1
42. Qe7 Qc2+ 43. Be2 Bb5 44. Qxg5+ Kf8 45. Qh6+ Kg8 46. Qg6+ Kf8 47. Qh6+ Kg8
48. Qe6+ Kf8 49. Qh6+ 1/2-1/2

[Event "Women's Speed Chess Q5"]
[Site "chess.com INT"]
[Date "2020.06.22"]
[Round "9"]
[White "Starosta, Martyna"]
[Black "Bommini, Mounika Akshaya"]
[Result "1-0"]
[WhiteTitle "WCM"]
[BlackTitle "WFM"]
[WhiteElo "2079"]
[BlackElo "2029"]
[WhiteFideId "21818754"]
[BlackFideId "25019872"]
[EventDate "2020.06.22"]

1. e4 c5 2. Nf3 d6 3. d4 cxd4 4. Nxd4 Nf6 5. Nc3 a6 6. Bg5 e6 7. f4 h6 8. Bxf6
Qxf6 9. Qd2 Nc6 10. Nce2 Be7 11. O-O-O O-O 12. g4 e5 13. Nf5 Bxf5 14. gxf5 Rfd8
15. Nc3 exf4 16. Nd5 Qe5 17. Rg1 Bf6 18. Nxf6+ Qxf6 19. Qxf4 Rac8 20. Kb1 Nb4
21. Bd3 Rc5 22. c3 Nc6 23. Bc2 Ne5 24. Rg2 d5 25. Rdg1 dxe4 26. Rxg7+ Qxg7 27.
Rxg7+ Kxg7 28. f6+ Kh7 29. Bxe4+ Ng6 30. Bxg6+ fxg6 31. f7 Rf8 32. Qd6 Rcc8 33.
Qd7 Rc6 34. Qxb7 Rf6 35. a3 R8xf7 36. Qc8 Rf1+ 37. Ka2 R7f2 38. h3 Rf7 39. Qxa6
R1f6 40. Qd3 Rb7 41. Qd5 Rbb6 42. Qd7+ Kg8 43. Qe8+ Kg7 44. Qe7+ Kg8 45. a4 Rf2
46. Qd8+ Kg7 47. Qxb6 1-0

[Event "Women's Speed Chess Q5"]
[Site "chess.com INT"]
[Date "2020.06.22"]
[Round "9"]
[White "Ramirez, Maria Eugenia"]
[Black "Vifleemskaia, Svetlana"]
[Result "1/2-1/2"]
[WhiteTitle "WFM"]
[BlackTitle "WFM"]
[WhiteElo "2057"]
[BlackElo "1943"]
[WhiteFideId "3301680"]
[BlackFideId "4129490"]
[EventDate "2020.06.22"]

1. e4 e5 2. Nf3 Nc6 3. Nc3 Nf6 4. Bb5 Bb4 5. O-O O-O 6. Bxc6 dxc6 7. Nxe5 Bxc3
8. dxc3 Qxd1 9. Rxd1 Nxe4 10. f3 Nd6 11. Bf4 Bf5 12. Rd2 f6 13. Nd3 Nc4 14. Rf2
Rad8 15. Bxc7 Rd7 16. Bf4 Bxd3 17. cxd3 Rxd3 18. b3 Nb6 19. c4 Rfd8 20. Re1 Rd1
21. Re2 Rxe1+ 22. Rxe1 Kf7 23. Kf2 Re8 24. Rd1 g5 25. Be3 Ke6 26. f4 h6 27. g4
Nc8 28. f5+ Kf7 29. Bc5 Nb6 30. a4 Re5 31. Bd4 Re4 32. Kf3 Re7 33. a5 Nd7 34.
Bxa7 Ne5+ 35. Kg3 Nd7 36. Bb6 Ke8 37. Bf2 Ne5 38. Bd4 Nd7 39. Kf3 Kf7 40. b4 Ke8
41. b5 cxb5 42. cxb5 Ne5+ 43. Bxe5 Rxe5 44. Rb1 Kd7 45. h3 Kc7 46. Rc1+ Kd7 47.
Rb1 Kc7 48. Rc1+ Kd7 49. Rb1 1/2-1/2